000
00301nam a22001097a 4500
008
170123b xxu||||| |||| 00| 0 eng d
020
_a
9781582555072
041
_a
eng
080
_2
4TH
_a
618.2
245
_a
SPRINGHOUSE REVIEW FOR MEDICAL-SURGICAL NURSING CERTIFICATION
_c
SCHILLING, J.A
942
_2
udc
_c
BK
999
_c
3396
_d
3396